000 00299nam a22001337a 4500
008 190222b xxu||||| |||| 00| 0 eng d
020 _a9780321395436
041 _aeng
080 _a371
100 _a25
101 _aEDU
245 _aEffective College Learning
_cHolschuh, J.P
942 _2udc
_cBK
999 _c54126
_d54126